000
00302nam a22001097a 4500
008
180215b xxu||||| |||| 00| 0 eng d
245
_a
Catching up in the ASEAN agriculture.
260
_a
Philippines:
_b
Manila Bulletin,
_c
c2016.
300
_a
page B-7.
650
0
_9
26497
_a
Agriculture.
942
_2
ddc
_c
PER
999
_c
8644
_d
8644